000
00301nam a2200121Ia 4500
008
190216s9999||||xx |||||||||||||| ||und||
100
_a
Kothari C R
245
0
_a
Quantitative Techniques
260
_b
Calicut University Central Co-Operative
_c
1978
300
_a
527p
650
_a
Commerce
942
_c
BK
999
_c
5773
_d
5773